000 00400nam a2200181Ia 4500
100 _aSilberschatz/Abraham/ Korth/Henry F
650 _aDatabase
250 _a6
942 _cBK
366 _f25
654 _adatabase
245 _aDatabase system concepts
260 _bMcGraw-Hill International Edition
_c2011
082 _a5.73
_bSIL
300 _a1349
546 _aENGLISH
999 _c31052
_d31052